000 00342 a2200157 4500
001 62270
020 _a9788506034699
040 _cAnchieta - Pituba
100 _aVilela, Antonio Carlos
240 1 0 _aPapo de família
_lpor
245 1 0 _aPapo de família
300 _a118
362 0 _a2002
650 4 _aLiteratura juvenil
942 _cBK
999 _c62270
_d62270